Singapore banking & financial services directory 2011/ 2012.

Bibliographic Details
Format: Book
Published: Singapore: Marshall Cavendish Business Information, 2011.
Subjects:
LEADER 00638cam a2200169 7i4500
001 0000028631
005 20121214090000.0
022 0 0 |a 02196980 
090 0 0 |a SING 332.1025   |b SIN 
245 0 0 |a Singapore banking & financial services directory 2011/ 2012. 
260 0 0 |a Singapore:   |b Marshall Cavendish Business Information,   |c 2011. 
300 # # |a 204 p. 
650 0 0 |a Finance services industry --   |x Directories --   |z Singapore  
650 0 0 |a Banks and banking --   |x Directories --   |z Singapore  
650 0 0 |a Financial institutions --   |x Directories --   |z Singapore  
651 0 0 |a Singapore  
999 |a 0000030393  |b Directories  |c Countries  |e Business Information Centre